Apuntes de transporte marítimo

Gespeichert in:
Bibliographische Detailangaben
1. Verfasser: Soulodre W., Iván (VerfasserIn)
Format: Buch
Sprache:Spanisch
Veröffentlicht: Valparaíso Imprenta Almendral 1977
Schlagworte:
Tags: Tag hinzufügen
Keine Tags, Fügen Sie den ersten Tag hinzu!

MARC

LEADER 00000nam a2200000 a 4500
001 UCV4275
003 CL-VaPUC
008 910320e19770000CL |||||||||||||||||spa|d
082 0 4 |a 387.5  |b SOU  |2 21 
100 0 |a Soulodre W., Iván  |e author  |9 298577 
245 1 0 |a Apuntes de transporte marítimo 
300 |a 190 p 
942 |c BK 
945 |d 19910320 00:00:00 
260 |a Valparaíso  |b Imprenta Almendral  |c 1977 
650 0 |a Transporte marítimo  |9 260127 
583 |a last modification  |c 20120409 11:13:21  |k Rodrigo Vera 
999 |c 211193  |d 211191